Memoria de reconocimiento de la Sierra de Guadarrama bajo el punto de vista de la repoblación de sus montes / (Record no. 156899)
[ view plain ]
| 000 -LEADER | |
|---|---|
| campo de control de longitud fija | 01209nam a2200241 i 4500 |
| 001 - NÚMERO DE CONTROL | |
| campo de control | 156899 |
| 003 - IDENTIFICADOR DE NÚMERO DE CONTROL | |
| campo de control | ES-MaACL |
| 005 - FECHA Y HORA DE LA ÚLTIMA TRANSACCIÓN | |
| campo de control | 20240424063057.0 |
| 008 - DATOS DE LONGITUD FIJA--INFORMACIÓN GENERAL | |
| campo de control de longitud fija | 040804s1881 sp |||| | spa d |
| 080 ## - NÚMERO DE LA CLASIFICACIÓN DECIMAL UNIVERSAL | |
| Número de la Clasificación Decimal Universal | 581.9(234.1 Guadarrama) |
| 080 ## - NÚMERO DE LA CLASIFICACIÓN DECIMAL UNIVERSAL | |
| Número de la Clasificación Decimal Universal | 630*232(460.188+460.27) |
| 100 1# - ENTRADA PRINCIPAL--NOMBRE DE PERSONA | |
| Nombre de persona | Laguna, Máximo, |
| Fechas asociadas al nombre | 1826-1902 |
| 9 (RLIN) | 69621 |
| 245 10 - MENCIÓN DEL TÍTULO | |
| Título | Memoria de reconocimiento de la Sierra de Guadarrama bajo el punto de vista de la repoblación de sus montes / |
| Mención de responsabilidad, etc. | por Máximo Laguna y Villanueva. |
| 260 ## - PUBLICACIÓN, DISTRIBUCIÓN, ETC. | |
| Lugar de publicación, distribución, etc. | Madrid : |
| Nombre del editor, distribuidor, etc. | [s.n.], |
| Fecha de publicación, distribución, etc. | 1881 ( |
| Fabricante | Imp. de R. Moreno y R. Rojas) |
| 300 ## - DESCRIPCIÓN FÍSICA | |
| Extensión | 47 p., [1] h. pleg. col. ; |
| Dimensiones | 21 cm. |
| 530 ## - NOTA DISPONIBLE DE FORMULARIO FÍSICO ADICIONAL | |
| Nota de formato físico adicional disponible | Disponible en formato digital. |
| 650 #4 - PUNTO DE ACCESO ADICIONAL DE MATERIA--TÉRMINO DE MATERIA | |
| Término de materia o nombre geográfico como elemento de entrada | Flora- |
| Subdivisión geográfica | Guadarrama (España, Sierra) |
| 9 (RLIN) | 149862 |
| 650 #4 - PUNTO DE ACCESO ADICIONAL DE MATERIA--TÉRMINO DE MATERIA | |
| Término de materia o nombre geográfico como elemento de entrada | Repoblación forestal- |
| Subdivisión geográfica | Guadarrama (España, Sierra) |
| 9 (RLIN) | 149863 |
| 852 4# - LOCALIZACIÓN | |
| Ubicación | ES-MaACL |
| Número de control de estantería | G-9534(8) |
| Nota libre | - Enc. hol. |
| -- | - Enc. en un vol. facticio, formando parte de la col. facticia: "Revista de montes. Varios sobre montes, 1880-83, II" |
| 852 4# - LOCALIZACIÓN | |
| Ubicación | ES-MaACL |
| Número de control de estantería | T-148-F-5 |
| Nota libre | - Enc. hol., falto de cub. original |
| -- | - Enc. en un vol. facticio |
| 856 4# - LOCALIZACIÓN Y ACCESO ELECTRÓNICOS | |
| Identificador Uniforme de Recursos | <a href="http://bdh-rd.bne.es/viewer.vm?id=0000237276&page=1 ">http://bdh-rd.bne.es/viewer.vm?id=0000237276&page=1 </a> |
| Nota pública | Biblioteca Digital Hispánica |
| Estatus retirado | Estado de pérdida | Estado de daño | No para préstamo | Colección | Biblioteca de origen | Biblioteca actual | Ubicación en estantería | Fecha de adquisición | Total de préstamos | Signatura topográfica completa | Código de barras | Visto por última vez | Precio de reemplazo | Tipo de ítem Koha |
|---|---|---|---|---|---|---|---|---|---|---|---|---|---|---|
| Colección de folletos | Biblioteca del Ateneo de Madrid | Biblioteca del Ateneo de Madrid | Depósito | 17/01/2008 | T-148-F-5 | 1164159 | 23/02/2023 | 23/02/2023 | Folleto | |||||
| Colección digital | Biblioteca del Ateneo de Madrid | Biblioteca del Ateneo de Madrid | Sala Pecera Planta 3 | 17/01/2008 | G-9534(8) | 1164158 | 23/02/2023 | 23/02/2023 | Libro impreso antiguo |
